000 00880cab a2200205 4500
001 ##L133325
008 060502n2006 000 0 eng u
035 _a(Sirsi) u133325
041 0 _aeng
100 1 _aShirley, Andrew
245 0 0 _aLand supplement
260 _c2006
490 0 _aFarmers' Weekly
_v144(15) 14 April 2006, (9)
520 _aProvides guidance on selling agricultural property. Covers knowing your farm's real worth, top tips for farm sales and farm valuation including online valuation advice. Reports on identifying the potential of farm property before selling and why farmland is still attracting a diverse range of buyers. Includes "Farmers' Weekly" land agent directory. Tables.
590 _aIKA090506
690 _aPROPERTY-RURAL AND NATURAL ASSETS-AGRICULTURAL PROPERTY
700 1 _aPrice, Natalie
700 1 _aSt John, Harry
942 _n0
999 _c76934
_d76934